[Event "PRO League Group Stage"]
[Site "chess.com INT"]
[Date "2020.02.17"]
[Round "7"]
[White "Shimanov, Aleksandr"]
[Black "Obregon, Andres Carlos"]
[Result "0-1"]
[WhiteTitle "GM"]
[BlackTitle "GM"]
[WhiteElo "2587"]
[BlackElo "2525"]
[WhiteTeam "Chicago Wind"]
[BlackTeam "Argentina Krakens"]
[WhiteFideId "4198603"]
[BlackFideId "111724"]
[EventDate "2020.01.06"]

1. d4 Nf6 2. Bg5 e6 3. Nd2 h6 4. Bh4 d5 5. e3 c5 6. c3 Nc6 7. Bd3 Qb6 8. Rb1 Be7
9. f4 cxd4 10. exd4 Qc7 11. Ne2 Ng4 12. Bxe7 Ne3 13. Qa4 Nxg2+ 14. Kf2 Nxf4 15.
Bh4 Nxd3+ 16. Ke3 g5 17. Bg3 Nf4 18. Nxf4 gxf4+ 19. Bxf4 Qe7 20. Nf3 Bd7 21.
Rhe1 f6 22. Qc2 O-O-O 23. Kd2 Qf7 24. Bg3 Rhg8 25. Re2 Qh5 26. Rf1 Rg4 27. Qh7
Rdg8 28. Qd3 Ne7 29. Bf2 a6 30. b3 Kb8 31. Kc2 Bb5 32. c4 dxc4 33. bxc4 Bxc4 34.
Qxc4 Rc8 35. Bg3+ Ka8 36. Qxc8+ Nxc8 37. Rxe6 Qf5+ 0-1

[Event "PRO League Group Stage"]
[Site "chess.com INT"]
[Date "2020.02.17"]
[Round "7"]
[White "Saric, Ivan"]
[Black "Iturrizaga Bonelli, Eduardo"]
[Result "1/2-1/2"]
[WhiteTitle "GM"]
[BlackTitle "GM"]
[WhiteElo "2655"]
[BlackElo "2597"]
[WhiteTeam "Canada Chessbrahs"]
[BlackTeam "New York Marshalls"]
[WhiteFideId "14508150"]
[BlackFideId "3901211"]
[EventDate "2020.01.06"]

1. e4 c5 2. Nf3 g6 3. d4 cxd4 4. Nxd4 Nc6 5. c4 Nf6 6. Nc3 d6 7. f3 Bg7 8. Be3
O-O 9. Qd2 Bd7 10. Be2 Nxd4 11. Bxd4 a5 12. O-O Bc6 13. b3 Nd7 14. Rfd1 Nc5 15.
Bxg7 Kxg7 16. Qd4+ f6 17. Rab1 Qb6 18. a3 e5 19. Qf2 Rfd8 20. b4 axb4 21. axb4
Na4 22. Nxa4 Qxf2+ 23. Kxf2 Bxa4 24. Rd2 Be8 25. Rbd1 Ba4 26. Ra1 b6 27. b5 Ra5
28. Rda2 Rda8 29. Bd1 Bxd1 30. Rxa5 bxa5 31. Rxd1 Rc8 32. Rxd6 Rxc4 33. Rd7+ Kh6
34. b6 Rb4 35. b7 a4 36. Rf7 a3 37. Rxf6 Rxb7 38. Ra6 Rb2+ 39. Kg3 a2 40. h4 Kg7
41. Kh3 Rf2 42. g3 Rxf3 43. Rxa2 Re3 44. Ra7+ Kf6 45. Ra6+ Kg7 46. Ra7+ Kf6 47.
Ra6+ Kg7 48. Ra7+ 1/2-1/2

[Event "PRO League Group Stage"]
[Site "chess.com INT"]
[Date "2020.02.17"]
[Round "7"]
[White "Tabatabaei, M.amin"]
[Black "Swiercz, Dariusz"]
[Result "1-0"]
[WhiteTitle "GM"]
[BlackTitle "GM"]
[WhiteElo "2638"]
[BlackElo "2659"]
[WhiteTeam "U.K. Lions"]
[BlackTeam "California Unicorns"]
[WhiteFideId "12521213"]
[BlackFideId "1126881"]
[EventDate "2020.01.06"]

1. d4 d5 2. Nf3 e6 3. Bf4 Nf6 4. e3 Bd6 5. Bxd6 Qxd6 6. c4 O-O 7. Nc3 a6 8. c5
Qe7 9. Be2 Nc6 10. O-O Rd8 11. a3 e5 12. b4 Bg4 13. h3 Bh5 14. Nxe5 Nxe5 15.
Bxh5 Nc4 16. Be2 b5 17. cxb6 Nxb6 18. Qb3 Rd6 19. a4 h5 20. a5 Nbd7 21. b5 Rb8
22. Qa3 Ne4 23. bxa6 Qg5 24. Nxe4 dxe4 25. Rfb1 Ra8 26. Qc3 c6 27. Rb7 Kh7 28.
Qc2 f5 29. Bf1 h4 30. Rc7 Nf6 31. Rxc6 Rdd8 32. Rb1 f4 33. Rb5 Qh6 34. exf4 Qxf4
35. Qc1 Qxc1 36. Rxc1 Rxd4 37. Rbc5 Ra4 38. Rb1 Kh6 39. Be2 Ra2 40. Kf1 Ra3 41.
Ke1 e3 42. fxe3 Rxe3 43. Kf2 Ra3 44. Kg1 Ra2 45. Bf1 Ra4 46. Rc4 Rxa5 47. Rxh4+
Kg5 48. Rhb4 Kg6 49. Rb8 Rxb8 50. Rxb8 Nd5 51. Rb5 Rxb5 52. Bxb5 1-0

[Event "PRO League Group Stage"]
[Site "chess.com INT"]
[Date "2020.02.17"]
[Round "7"]
[White "Jones, Gawain C B"]
[Black "Abdusattorov, Nodirbek"]
[Result "1-0"]
[WhiteTitle "GM"]
[BlackTitle "GM"]
[WhiteElo "2679"]
[BlackElo "2635"]
[WhiteTeam "U.K. Lions"]
[BlackTeam "California Unicorns"]
[WhiteFideId "409561"]
[BlackFideId "14204118"]
[EventDate "2020.01.06"]

1. c4 Nf6 2. g3 e6 3. Bg2 d5 4. Nf3 Be7 5. O-O O-O 6. b3 c5 7. cxd5 Nxd5 8. Bb2
Nc6 9. d4 cxd4 10. Nxd4 Bd7 11. Nc3 Ncb4 12. Nxd5 Nxd5 13. e4 Nb4 14. e5 Nc6 15.
Rc1 Nxe5 16. Bxb7 Rb8 17. Bg2 Bf6 18. Qe2 Qa5 19. Bc3 Qb6 20. Rfd1 Rbc8 21. Qe1
Qa6 22. Be4 Rfd8 23. a4 Be8 24. Kg2 Ng6 25. h4 Ne7 26. Kg1 Nd5 27. Ba1 Rxc1 28.
Rxc1 Qb6 29. Rc4 Ne7 30. a5 Qd6 31. b4 Rb8 32. Nc2 Bxa1 33. Qxa1 Nd5 34. Qd4 Qe7
35. Bxd5 exd5 36. Rc5 Qe2 37. Qe3 Qd1+ 38. Kg2 Bd7 39. Rc7 Bf5 40. Nd4 Be4+ 41.
f3 Bg6 42. Nc6 Rf8 43. Ne7+ Kh8 44. Rc1 Qa4 45. Qd4 Re8 46. Re1 Qc2+ 47. Qf2
Qxf2+ 48. Kxf2 Ra8 49. Nxd5 h6 50. Nc7 Rb8 51. Re8+ Rxe8 52. Nxe8 Bd3 53. Ke3
Ba6 54. Nc7 Bb7 55. a6 Bc8 56. b5 g5 57. hxg5 hxg5 58. Kd4 Kg7 59. Kc5 Kf6 60.
Kc6 Ke5 61. b6 Bxa6 62. bxa7 Be2 63. f4+ gxf4 64. gxf4+ Kd4 65. Nb5+ Ke3 66. Kd6
Bf3 67. f5 Kf4 68. f6 Kf5 69. Ke7 Kg6 70. Nc7 1-0

[Event "PRO League Group Stage"]
[Site "chess.com INT"]
[Date "2020.02.17"]
[Round "7"]
[White "Naroditsky, Daniel"]
[Black "Astaneh Lopez, Alex"]
[Result "1/2-1/2"]
[WhiteTitle "GM"]
[BlackTitle "IM"]
[WhiteElo "2621"]
[BlackElo "2432"]
[WhiteTeam "California Unicorns"]
[BlackTeam "U.K. Lions"]
[WhiteFideId "2026961"]
[BlackFideId "2501430"]
[EventDate "2020.01.06"]

1. e4 c6 2. Nc3 d5 3. Qf3 d4 4. Bc4 Nf6 5. e5 dxc3 6. exf6 cxd2+ 7. Bxd2 exf6 8.
O-O-O Nd7 9. Qb3 Ne5 10. Bb4 Qb6 11. Bxf8 Qxb3 12. Bxb3 Rxf8 13. f4 Ng6 14. g3
Bg4 15. Re1+ Kd8 16. h3 Bd7 17. Nf3 Kc7 18. h4 h5 19. c3 Rae8 20. Rxe8 Bxe8 21.
Nd4 Bd7 22. Re1 c5 23. Nc2 b5 24. Ne3 Ne7 25. Bc2 Be6 26. a4 a6 27. Bd3 c4 28.
Be2 g6 29. Nc2 Nf5 30. g4 Nxh4 31. gxh5 gxh5 32. axb5 axb5 33. Bxh5 Rh8 34. Bxf7
Bxf7 35. Re7+ Kd6 36. Rxf7 Nf3 37. Ne3 Rh1+ 38. Kc2 Rh2+ 39. Kc1 Rh1+ 40. Kc2
Rh2+ 41. Kc1 Ne1 42. Rxf6+ Kd7 43. Kb1 Nd3 44. Nc2 Kc7 45. f5 Rf2 46. Rf7+ Kd6
47. f6 Nc5 48. Nd4 Nd3 49. Rb7 Rxb2+ 50. Ka1 Rf2 51. f7 b4 52. cxb4 c3 53. Kb1
Rb2+ 54. Ka1 Rf2 55. Kb1 Rb2+ 56. Ka1 Rf2 1/2-1/2

[Event "PRO League Group Stage"]
[Site "chess.com INT"]
[Date "2020.02.17"]
[Round "7"]
[White "Smirnov, Anton"]
[Black "Tan, Justin2"]
[Result "1/2-1/2"]
[WhiteTitle "GM"]
[BlackTitle "GM"]
[WhiteElo "2604"]
[BlackElo "2511"]
[WhiteTeam "California Unicorns"]
[BlackTeam "U.K. Lions"]
[WhiteFideId "3208923"]
[BlackFideId "3206882"]
[EventDate "2020.01.06"]

1. d4 Nf6 2. c4 e6 3. Nf3 d5 4. Nc3 dxc4 5. e4 Bb4 6. Bxc4 Nxe4 7. O-O Nxc3 8.
bxc3 Be7 9. Ne5 O-O 10. Qg4 Nc6 11. Re1 f5 12. Qf3 Nxe5 13. Rxe5 Kh8 14. Bf4 Bd6
15. Re3 c5 16. Rd1 Qc7 17. Bxd6 Qxd6 18. h4 Rb8 19. dxc5 Qxc5 20. Qf4 Ra8 21. h5
h6 22. Rd6 b5 23. Bxe6 Bxe6 24. Rexe6 Kg8 25. Rd7 Rf7 26. Rxf7 Kxf7 27. Re5 Qxc3
28. Qxf5+ Kg8 29. Qe6+ Kh8 30. Rxb5 Qc1+ 31. Kh2 Qf4+ 32. Kg1 Qc1+ 33. Kh2 Qf4+
34. Kh3 Qxf2 35. Rf5 Qg1 36. Qd5 Re8 37. Rf3 Qh1+ 38. Kg3 Qe1+ 39. Kh3 a5 40. a3
Qh1+ 41. Kg3 Qe1+ 42. Kh3 a4 43. Qf5 Qh1+ 44. Kg3 Qe1+ 45. Kh3 Qh1+ 46. Kg3 Qe1+
47. Kh3 1/2-1/2

[Event "PRO League Group Stage"]
[Site "chess.com INT"]
[Date "2020.02.17"]
[Round "7"]
[White "Dominguez Perez, Leinier"]
[Black "Leitao, Rafael"]
[Result "1/2-1/2"]
[WhiteTitle "GM"]
[BlackTitle "GM"]
[WhiteElo "2758"]
[BlackElo "2592"]
[WhiteTeam "Saint Louis Arch Bishops"]
[BlackTeam "Brazil Capybaras"]
[WhiteFideId "3503240"]
[BlackFideId "2101246"]
[EventDate "2020.01.06"]

1. e4 c5 2. Nf3 e6 3. d4 cxd4 4. Nxd4 Nc6 5. Nc3 a6 6. Be3 Nf6 7. Qd2 e5 8. Nxc6
bxc6 9. f4 Ng4 10. Bg1 exf4 11. Qxf4 d6 12. O-O-O Be7 13. Kb1 Ne5 14. Bd4 Bf6
15. Bc5 Be7 16. Be2 Qc7 17. Ba3 O-O 18. Rd2 Be6 19. Rhd1 Rfd8 20. b3 a5 21. Na4
Rab8 22. Qg3 c5 23. Bb2 Bf6 24. Nc3 c4 25. Nd5 Bxd5 26. Rxd5 cxb3 27. cxb3 a4
28. Rc1 Qa7 29. Bd1 Qe7 30. Ra5 axb3 31. Bxb3 h6 32. Rd5 Rb4 33. Qe1 Rdb8 34.
Rc8+ Rxc8 35. Qxb4 Nc6 36. Qxd6 Qxe4+ 37. Bc2 Qb4 38. Qxb4 Nxb4 39. Rd2 Bxb2 40.
Kxb2 Nxc2 41. Rxc2 Rb8+ 42. Kc3 Ra8 43. Kb4 Rb8+ 44. Ka5 Ra8+ 45. Kb6 f5 46. Kb5
Rb8+ 47. Ka6 Ra8+ 48. Kb5 Rb8+ 49. Ka6 Ra8+ 50. Kb5 1/2-1/2

[Event "PRO League Group Stage"]
[Site "chess.com INT"]
[Date "2020.02.17"]
[Round "7"]
[White "Mekhitarian, Krikor Sevag"]
[Black "Xiong, Jeffery"]
[Result "1/2-1/2"]
[WhiteTitle "GM"]
[BlackTitle "GM"]
[WhiteElo "2563"]
[BlackElo "2712"]
[WhiteTeam "Brazil Capybaras"]
[BlackTeam "Saint Louis Arch Bishops"]
[WhiteFideId "2107660"]
[BlackFideId "2047640"]
[EventDate "2020.01.06"]

1. Nf3 c5 2. c4 Nc6 3. Nc3 Nf6 4. d4 cxd4 5. Nxd4 e6 6. a3 Be7 7. e4 O-O 8. Nf3
Qc7 9. Be2 b6 10. O-O Bb7 11. Bg5 Rfd8 12. Rc1 Rac8 13. Bh4 Qb8 14. Bg3 d6 15.
h3 Ne5 16. Nxe5 dxe5 17. Qc2 b5 18. Rfd1 bxc4 19. Rxd8+ Bxd8 20. Qa4 Bb6 21.
Bxc4 Nxe4 22. Nxe4 Bxe4 23. Re1 Bc6 24. Qb3 Bd4 25. Qxb8 Rxb8 26. b4 Bd5 27.
Bxe5 Bxe5 28. Bxd5 Bb2 29. Bc6 Bxa3 30. Ra1 Bxb4 31. Rxa7 Bf8 32. g3 g6 33. Ra2
Kg7 34. h4 Bc5 35. Kg2 f5 36. Bf3 Kf6 37. Rc2 Bd4 38. Ra2 e5 39. Bd5 e4 40. Ra6+
Ke7 41. h5 gxh5 42. Re6+ Kf8 43. Ra6 Kg7 44. Be6 Kg6 45. Bd7+ Kg5 46. Ra5 Rf8
47. Rd5 Bg7 48. f3 Kg6 49. Bc6 Rc8 50. Rd6+ Kf7 51. fxe4 fxe4 52. Bxe4 Rc3 53.
Rd7+ Kf8 54. Rd3 Rxd3 55. Bxd3 Be5 56. Bxh7 Kg7 57. Be4 Kh6 58. Bf3 Kg5 59. Kh3
Bxg3 60. Bxh5 1/2-1/2

[Event "PRO League Group Stage"]
[Site "chess.com INT"]
[Date "2020.02.17"]
[Round "7"]
[White "Giri, Anish"]
[Black "Moranda, Wojciech"]
[Result "1/2-1/2"]
[WhiteTitle "GM"]
[BlackTitle "GM"]
[WhiteElo "2768"]
[BlackElo "2601"]
[WhiteTeam "Canada Chessbrahs"]
[BlackTeam "New York Marshalls"]
[WhiteFideId "24116068"]
[BlackFideId "1122401"]
[EventDate "2020.01.06"]

1. d4 Nf6 2. c4 e6 3. Nf3 d5 4. g3 dxc4 5. Bg2 Bb4+ 6. Bd2 c5 7. dxc5 Bxc5 8.
Na3 Ne4 9. O-O Nxd2 10. Nxd2 c3 11. Ne4 Qxd1 12. Raxd1 Bxa3 13. bxa3 Nc6 14.
Nxc3 Ke7 15. Ne4 Rd8 16. f4 Rb8 17. Kf2 Bd7 18. Nd6 Be8 19. Nxe8 Kxe8 20. Be4 h6
21. Rxd8+ Kxd8 22. Ke3 Na5 23. Rc1 Rc8 24. Rxc8+ Kxc8 25. Kd4 Kc7 26. Kc5 b6+
27. Kb5 Nb7 28. Bxb7 Kxb7 29. a4 a6+ 30. Kc4 Kc6 31. e4 f6 32. g4 g5 33. e5 fxe5
34. fxe5 Kc7 35. a5 Kc6 36. axb6 Kxb6 37. a4 a5 38. Kd4 Kc6 39. Kc4 Kb6 40. Kd4
Kc6 41. Kc4 Kb6 1/2-1/2

[Event "PRO League Group Stage"]
[Site "chess.com INT"]
[Date "2020.02.17"]
[Round "7"]
[White "Guseinov, Gadir"]
[Black "Saric, Ivan"]
[Result "1-0"]
[WhiteTitle "GM"]
[BlackTitle "GM"]
[WhiteElo "2666"]
[BlackElo "2655"]
[WhiteTeam "New York Marshalls"]
[BlackTeam "Canada Chessbrahs"]
[WhiteFideId "13401378"]
[BlackFideId "14508150"]
[EventDate "2020.01.06"]

1. e4 c5 2. Nc3 d6 3. Bb5+ Bd7 4. Bxd7+ Qxd7 5. d4 cxd4 6. Qxd4 Nc6 7. Qd3 g6 8.
Nf3 Bg7 9. O-O Nf6 10. Nd5 Rc8 11. Bg5 Ng4 12. h3 Nge5 13. Nxe5 Nxe5 14. Qb3 Nc6
15. c3 O-O 16. f4 Kh8 17. f5 gxf5 18. exf5 Be5 19. Qa4 Rg8 20. Bxe7 b5 21. Qh4
Nxe7 22. Qxe7 Qc6 23. Rad1 Rg3 24. Qh4 Rcg8 25. Rf2 Qc5 26. Kf1 Qxf2+ 27. Kxf2
Rxg2+ 28. Kf3 R8g3+ 29. Ke4 Re2+ 30. Ne3 Rexe3+ 31. Kd5 Rxh3 32. Qd8+ Kg7 33.
Kc6 Rhg3 34. Rf1 b4 35. f6+ Kh6 36. Qf8+ Kg5 37. Qg7+ Kh4 38. Rh1+ Rh3 39. Qxh7+
Kg4 40. Rxh3 Rxh3 41. Qxf7 bxc3 42. Qg6+ Kh4 43. bxc3 Rxc3+ 44. Kd7 Rg3 45. Qh6+ 1-0

[Event "PRO League Group Stage"]
[Site "chess.com INT"]
[Date "2020.02.17"]
[Round "7"]
[White "Robson, Ray"]
[Black "Flores, Diego"]
[Result "1/2-1/2"]
[WhiteTitle "GM"]
[BlackTitle "GM"]
[WhiteElo "2673"]
[BlackElo "2599"]
[WhiteTeam "Chicago Wind"]
[BlackTeam "Argentina Krakens"]
[WhiteFideId "2023970"]
[BlackFideId "108049"]
[EventDate "2020.01.06"]

1. e4 c5 2. Nf3 e6 3. d4 cxd4 4. Nxd4 a6 5. Bd3 Bc5 6. Nb3 Be7 7. Qg4 g6 8. a4
b6 9. Nc3 Bb7 10. O-O d6 11. Qh3 Nd7 12. f4 Ngf6 13. Be3 Qc7 14. Rae1 h5 15. Nd4
Ng4 16. Kh1 Nxe3 17. Qxe3 Nf6 18. e5 Ng4 19. Qg3 O-O-O 20. Nb3 g5 21. fxg5 Nxe5
22. Rxe5 dxe5 23. Rxf7 h4 24. Qh3 Kb8 25. Qxe6 Rhe8 26. g6 e4 27. Nxe4 h3 28.
gxh3 Bf8 29. Qf5 Qc6 30. Kg1 Bh6 31. Rf6 Qc7 32. Rf7 Be3+ 33. Kg2 Qc6 34. g7 Rg8
35. Kf1 Rde8 36. a5 b5 37. Nbc5 Bxc5 38. Qxc5 Qd5 39. Qxd5 Bxd5 40. Rf4 Bxe4 41.
Rxe4 Rxe4 42. Bxe4 Rxg7 43. Kf2 Kc7 44. c3 Kd6 45. Bd3 Ke5 46. h4 Rg4 47. h5 Rh4
48. Kg3 Rxh5 49. h4 Rh8 50. Bg6 Rd8 51. h5 Rd2 52. h6 Kf6 53. h7 Kg7 54. b4 Rd1
55. Be4 Rc1 56. Bb7 Rxc3+ 57. Kf2 Rc4 58. Bxa6 Rxb4 59. Ke3 Ra4 60. Bxb5 Rxa5
61. Bd3 Ra4 62. Be4 Ra3+ 63. Bd3 Ra8 64. Be4 Re8 65. Kf4 Kf6 66. Bf5 Rf8 67. Be4
Kg7+ 68. Ke3 Re8 69. Kf4 Kf6 70. Bf5 Ra8 71. Be4 Rb8 72. Bf5 Rb4+ 73. Be4 Kg7
74. Ke5 Rb5+ 75. Kf4 Rb4 76. Ke5 Rxe4+ 77. Kxe4 Kxh7 1/2-1/2

[Event "PRO League Group Stage"]
[Site "chess.com INT"]
[Date "2020.02.17"]
[Round "7"]
[White "Nyzhnyk, Illya"]
[Black "Perez Ponsa, Federico"]
[Result "0-1"]
[WhiteTitle "GM"]
[BlackTitle "GM"]
[WhiteElo "2662"]
[BlackElo "2559"]
[WhiteTeam "Chicago Wind"]
[BlackTeam "Argentina Krakens"]
[WhiteFideId "14118084"]
[BlackFideId "117927"]
[EventDate "2020.01.06"]

1. d4 d5 2. c4 dxc4 3. e4 Nc6 4. Nf3 Bg4 5. d5 Ne5 6. Bf4 Ng6 7. Be3 e5 8. Nc3
Nf6 9. Bxc4 Nh4 10. Bb5+ Nd7 11. Bxd7+ Bxd7 12. Nxh4 Qxh4 13. Qb3 Bd6 14. Qxb7
O-O 15. Qb3 f5 16. exf5 Rab8 17. Qc2 Bxf5 18. Qd2 Qh5 19. f3 e4 20. f4 Rf6 21.
a3 a5 22. Ne2 Rb3 23. Nc1 Rb8 24. Ne2 Rb3 25. Nc1 Rd3 26. Nxd3 exd3 27. O-O Rh6
28. g3 Be4 29. f5 Qh3 30. Rf4 Bxf4 31. Bxf4 Rf6 32. Re1 Qxf5 33. Qxa5 g5 34. Qb4
d2 35. Qxd2 gxf4 36. Qxf4 Qxf4 37. gxf4 Bxd5 38. Re8+ Kf7 39. Rc8 c6 40. a4 Rxf4
41. a5 Ra4 42. Ra8 Bc4 43. b3 Bxb3 44. a6 Kg7 45. a7 Bf7 46. Kf2 Ra3 47. Ke2 c5
48. Kd2 c4 49. h4 c3+ 50. Ke3 Bg6 51. h5 Bxh5 52. Rc8 Rxa7 53. Rxc3 Rf7 0-1

[Event "PRO League Group Stage"]
[Site "chess.com INT"]
[Date "2020.02.17"]
[Round "7"]
[White "Obregon, Andres Carlos"]
[Black "Cori, Jorge"]
[Result "0-1"]
[WhiteTitle "GM"]
[BlackTitle "GM"]
[WhiteElo "2525"]
[BlackElo "2652"]
[WhiteTeam "Argentina Krakens"]
[BlackTeam "Chicago Wind"]
[WhiteFideId "111724"]
[BlackFideId "3802272"]
[EventDate "2020.01.06"]

1. Nf3 d5 2. g3 c6 3. Bg2 Nf6 4. O-O g6 5. d3 Bg7 6. Nbd2 O-O 7. e4 a5 8. e5 Ne8
9. d4 Nc7 10. a4 b6 11. Re1 c5 12. c3 Nc6 13. Nb3 c4 14. Nbd2 Rb8 15. Nh4 Bd7
16. Nf1 Be6 17. Ne3 Qd7 18. f4 f6 19. exf6 exf6 20. f5 Bf7 21. fxg6 hxg6 22. Rf1
f5 23. Qf3 Rbe8 24. Nxc4 Nxd4 25. cxd4 dxc4 26. Kh1 Ne6 27. Rd1 Nxd4 28. Qf2 Qe6
29. Bf4 Qe2 30. Qg1 Rd8 31. Rd2 Qe7 32. Rad1 Rfe8 33. Rxd4 Rxd4 34. Rxd4 Bxd4
35. Qxd4 g5 36. Bd2 Rd8 37. Qf2 gxh4 38. gxh4 Qd7 39. Be1 Re8 40. Bf3 Kh7 41.
Bc3 Bd5 42. Qg2 Rg8 43. Qh3 Qe6 44. h5 Qe4 0-1

[Event "PRO League Group Stage"]
[Site "chess.com INT"]
[Date "2020.02.17"]
[Round "7"]
[White "Villanueva, Mario"]
[Black "Shimanov, Aleksandr"]
[Result "1-0"]
[WhiteTitle "IM"]
[BlackTitle "GM"]
[WhiteElo "2488"]
[BlackElo "2587"]
[WhiteTeam "Argentina Krakens"]
[BlackTeam "Chicago Wind"]
[WhiteFideId "113433"]
[BlackFideId "4198603"]
[EventDate "2020.01.06"]

1. e4 c6 2. Nc3 d5 3. Nf3 dxe4 4. Nxe4 Nf6 5. Qe2 Nxe4 6. Qxe4 Nd7 7. Bc4 Nf6 8.
Ne5 e6 9. Qe2 b5 10. Bb3 Qc7 11. d4 Bd6 12. O-O O-O 13. c3 a5 14. Re1 c5 15.
Qxb5 cxd4 16. cxd4 Ba6 17. Qa4 Bb4 18. Re3 Rfc8 19. h3 Rab8 20. Bd1 Qd6 21. Rg3
Qxd4 22. Nf3 Qd6 23. Bh6 Nh5 24. Rg5 Bd3 25. Rxh5 gxh6 26. Bb3 Bg6 27. Rb5 Bd3
28. Rxb8 Rxb8 29. Rd1 Bb5 30. Rxd6 Bxa4 31. Ra6 Be8 32. Bc4 Rd8 33. a3 Rd1+ 34.
Kh2 Bd6+ 35. g3 Kg7 36. Rxa5 Bc6 37. Be2 Rc1 38. Ra6 Bb8 39. Kg2 Rc2 40. Bd3
Rxb2 41. Rxc6 Rb3 42. Be4 Rxa3 43. Rb6 Bc7 44. Rb7 Bd6 45. g4 Ra4 46. Bc6 Rf4
47. Be8 Kf8 48. Bb5 Rf6 49. Bd3 Kg7 50. Nd2 Rf4 51. Ne4 Be5 52. Ng3 Rd4 53. Bb5
Rd8 54. f4 Ba1 55. Nh5+ Kg8 56. Kf3 Rc8 57. Ke4 Rd8 58. Bd7 Kf8 59. g5 hxg5 60.
fxg5 Ra8 61. h4 Bc3 62. Rc7 Bb2 63. Nf6 h6 64. Rb7 Ba1 65. Kf4 hxg5+ 66. hxg5
Rd8 67. Kg4 Ra8 68. Kh5 Be5 69. Bc6 Kg7 70. Ng4 Rh8+ 71. Nh6 Rf8 72. Bd7 Kh8 73.
Be8 1-0

[Event "PRO League Group Stage"]
[Site "chess.com INT"]
[Date "2020.02.17"]
[Round "7"]
[White "Swiercz, Dariusz"]
[Black "Jones, Gawain C B"]
[Result "1/2-1/2"]
[WhiteTitle "GM"]
[BlackTitle "GM"]
[WhiteElo "2659"]
[BlackElo "2679"]
[WhiteTeam "California Unicorns"]
[BlackTeam "U.K. Lions"]
[WhiteFideId "1126881"]
[BlackFideId "409561"]
[EventDate "2020.01.06"]

1. d4 g6 2. e4 c5 3. d5 Bg7 4. Nc3 d6 5. Be2 Nf6 6. Nf3 O-O 7. O-O e5 8. Nd2 Kh8
9. a4 Na6 10. Nc4 Nc7 11. f4 Nfe8 12. Kh1 f5 13. fxe5 dxe5 14. Be3 b6 15. d6 Ne6
16. Qd5 Rb8 17. exf5 gxf5 18. Rad1 Nf6 19. Qxe5 Ng4 20. Qg3 Nxe3 21. Qxe3 f4 22.
Qe4 Nd4 23. Qe7 Be6 24. Bd3 Qc8 25. Qh4 Bf5 26. Rxf4 Bxd3 27. cxd3 Nf5 28. Qh3
Nd4 29. Qxc8 Rbxc8 30. Rdf1 Rcd8 31. Ne4 Rfe8 32. Rf7 Nc6 33. Rc7 Ne5 34. Nxe5
Bxe5 35. Rff7 Bxb2 36. Rxh7+ Kg8 37. Rh4 Rxd6 38. Rg4+ Kh8 39. Rh4+ Kg8 40. Rg4+
Kh8 41. Rh4+ Kg8 1/2-1/2

[Event "PRO League Group Stage"]
[Site "chess.com INT"]
[Date "2020.02.17"]
[Round "7"]
[White "Abdusattorov, Nodirbek"]
[Black "Tabatabaei, M.amin"]
[Result "1-0"]
[WhiteTitle "GM"]
[BlackTitle "GM"]
[WhiteElo "2635"]
[BlackElo "2638"]
[WhiteTeam "California Unicorns"]
[BlackTeam "U.K. Lions"]
[WhiteFideId "14204118"]
[BlackFideId "12521213"]
[EventDate "2020.01.06"]

1. e4 c5 2. Nf3 Nc6 3. d4 cxd4 4. Nxd4 g6 5. c4 Nf6 6. Nc3 Nxd4 7. Qxd4 d6 8.
Be2 Bg7 9. Be3 O-O 10. Qd2 a5 11. f3 a4 12. O-O Qa5 13. Rfc1 Be6 14. Rab1 Rfc8
15. Nd5 Qxd2 16. Bxd2 Nxd5 17. cxd5 Bd7 18. Bc3 Bh6 19. Rd1 a3 20. Bd2 Bg7 21.
bxa3 Rxa3 22. Rxb7 Ba4 23. Rc1 Rxc1+ 24. Bxc1 Bd4+ 25. Kf1 Rxa2 26. Bh6 Rb2 27.
Rc7 Rb8 28. g4 Bf6 29. f4 Re8 30. Bd3 Bg7 31. Bxg7 Kxg7 32. Ra7 Bd1 33. h3 Kf8
34. Ra1 Bb3 35. Ra3 Rb8 36. f5 g5 37. Ke2 Kg7 38. Ke3 Kf6 39. Kd4 Bd1 40. Ra1
Rb4+ 41. Kc3 Rb3+ 42. Kc4 Bc2 43. Bxc2 Rxh3 44. Kd4 Rg3 45. Rh1 Kg7 46. Bd1 h6
47. Be2 Rg2 48. Ke3 1-0

[Event "PRO League Group Stage"]
[Site "chess.com INT"]
[Date "2020.02.17"]
[Round "7"]
[White "Tan, Justin2"]
[Black "Naroditsky, Daniel"]
[Result "0-1"]
[WhiteTitle "GM"]
[BlackTitle "GM"]
[WhiteElo "2511"]
[BlackElo "2621"]
[WhiteTeam "U.K. Lions"]
[BlackTeam "California Unicorns"]
[WhiteFideId "3206882"]
[BlackFideId "2026961"]
[EventDate "2020.01.06"]

1. e4 e5 2. Nf3 Nc6 3. Bb5 a6 4. Ba4 Nf6 5. O-O Be7 6. Re1 b5 7. Bb3 d6 8. c3
O-O 9. h3 Na5 10. Bc2 c5 11. d4 Nd7 12. a4 Rb8 13. axb5 axb5 14. b3 exd4 15.
cxd4 Nc6 16. Nc3 cxd4 17. Nd5 Nde5 18. Nxd4 Nxd4 19. Qxd4 Bxh3 20. f4 Nc6 21.
Qc3 Bd7 22. Bb2 f6 23. Qd3 g6 24. b4 Be6 25. f5 Bf7 26. fxg6 Bxg6 27. Nxe7+ Nxe7
28. Rf1 d5 29. Bxf6 Qd6 30. Bxe7 Qxe7 31. Qxd5+ Bf7 32. Qd4 Rbd8 33. Qc3 Rc8 34.
Qg3+ Kh8 35. Bd3 Qxb4 36. Qe5+ Kg8 37. Kh2 Rc5 38. Qg3+ Kh8 39. e5 Rc6 40. Qh3
Bg8 41. Ra7 h6 42. Qg3 Rg6 43. Bxg6 Rxf1 44. e6 Qc5 45. e7 Qg1+ 46. Kh3 Be6+ 47.
Kh4 Qd4+ 48. Kh5 Rh1+ 49. Qh3 Bg4+ 50. Kxh6 Qe3# 0-1

[Event "PRO League Group Stage"]
[Site "chess.com INT"]
[Date "2020.02.17"]
[Round "7"]
[White "Astaneh Lopez, Alex"]
[Black "Smirnov, Anton"]
[Result "0-1"]
[WhiteTitle "IM"]
[BlackTitle "GM"]
[WhiteElo "2432"]
[BlackElo "2604"]
[WhiteTeam "U.K. Lions"]
[BlackTeam "California Unicorns"]
[WhiteFideId "2501430"]
[BlackFideId "3208923"]
[EventDate "2020.01.06"]

1. Nf3 d5 2. g3 g6 3. Bg2 Bg7 4. O-O e5 5. c4 c6 6. d3 Ne7 7. e4 dxe4 8. dxe4
O-O 9. Nc3 Be6 10. b3 Na6 11. Ba3 Re8 12. Ng5 c5 13. Nxe6 fxe6 14. Nb5 Nc6 15.
Bh3 Nd4 16. Nxd4 exd4 17. f4 e5 18. f5 Bh6 19. Kg2 Rf8 20. Rf3 Qe7 21. Qe2 Rf6
22. Raf1 Raf8 23. Qe1 b6 24. g4 gxf5 25. Rxf5 Rxf5 26. gxf5 Kh8 27. Kh1 Be3 28.
Rf3 Qg5 29. Bg2 Bf4 30. Rh3 Rg8 31. Bf3 d3 32. Rh5 d2 33. Qf1 Qg7 34. f6 Qxf6
35. Bb2 Rg5 36. Qh3 Rxh5 37. Bxh5 Qd8 38. Bd1 Nb4 39. Qf5 Nd3 40. Bc3 a6 41. Kg1
b5 42. Kf1 b4 43. Ba1 Bxh2 44. Bc2 Bf4 45. Ke2 Kg7 46. Qg4+ Kh8 47. Qf5 d1=Q+
48. Bxd1 Nc1+ 49. Kf2 Qd2+ 50. Kg1 Qxd1+ 51. Kg2 Qe2+ 52. Kg1 Qe3+ 53. Kg2 Qg3+
54. Kf1 Qf3+ 0-1